<?xml version="1.0" encoding="UTF-8"?>
<record
    xmlns:xsi="http://www.w3.org/2001/XMLSchema-instance"
    xsi:schemaLocation="http://www.loc.gov/MARC21/slim http://www.loc.gov/standards/marcxml/schema/MARC21slim.xsd"
    xmlns="http://www.loc.gov/MARC21/slim">

  <leader>01798nam0a22003251  4500</leader>
  <controlfield tag="001">rc\2211936</controlfield>
  <controlfield tag="005">20250623061323.0</controlfield>
  <datafield tag="035" ind1=" " ind2=" ">
    <subfield code="a">(NLR Aleph) 006620057</subfield>
  </datafield>
  <datafield tag="090" ind1=" " ind2=" ">
    <subfield code="a">7439673</subfield>
    <subfield code="c">7439673</subfield>
  </datafield>
  <datafield tag="100" ind1=" " ind2=" ">
    <subfield code="a">20110829d1979    |||y0rusy50      ca</subfield>
  </datafield>
  <datafield tag="101" ind1="1" ind2=" ">
    <subfield code="a">rus</subfield>
    <subfield code="c">rum</subfield>
    <subfield code="c">hun</subfield>
    <subfield code="c">ger</subfield>
  </datafield>
  <datafield tag="102" ind1=" " ind2=" ">
    <subfield code="a">RU</subfield>
  </datafield>
  <datafield tag="105" ind1=" " ind2=" ">
    <subfield code="a">y   z   |||||</subfield>
  </datafield>
  <datafield tag="200" ind1="1" ind2=" ">
    <subfield code="a">&#x41F;&#x43E;&#x44D;&#x437;&#x438;&#x44F; &#x441;&#x43E;&#x432;&#x440;&#x435;&#x43C;&#x435;&#x43D;&#x43D;&#x43E;&#x439; &#x420;&#x443;&#x43C;&#x44B;&#x43D;&#x438;&#x438;</subfield>
    <subfield code="e">[&#x421;&#x431;&#x43E;&#x440;&#x43D;&#x438;&#x43A;]</subfield>
    <subfield code="e">&#x41F;&#x435;&#x440;. &#x441; &#x440;&#x443;&#x43C;., &#x432;&#x435;&#x43D;&#x433;., &#x43D;&#x435;&#x43C;.</subfield>
    <subfield code="f">[&#x421;&#x43E;&#x441;&#x442;. &#x438; &#x440;&#x435;&#x434;. &#x41A;. &#x41A;&#x43E;&#x432;&#x430;&#x43B;&#x44C;&#x434;&#x436;&#x438;, &#x42E;. &#x41A;&#x43E;&#x436;&#x435;&#x432;&#x43D;&#x438;&#x43A;&#x43E;&#x432;&#x430;</subfield>
    <subfield code="g">&#x412;&#x441;&#x442;&#x443;&#x43F;. &#x441;&#x442;&#x430;&#x442;&#x44C;&#x44F;, &#x441;. 5-20, &#x438; &#x441;&#x442;&#x430;&#x442;&#x44C;&#x438; &#x43E;&#x431; &#x430;&#x432;&#x442;. &#x42E;. &#x41A;&#x43E;&#x436;&#x435;&#x432;&#x43D;&#x438;&#x43A;&#x43E;&#x432;&#x430;]</subfield>
  </datafield>
  <datafield tag="210" ind1=" " ind2=" ">
    <subfield code="a">&#x41C;&#x43E;&#x441;&#x43A;&#x432;&#x430;</subfield>
    <subfield code="c">&#x425;&#x443;&#x434;&#x43E;&#x436;. &#x43B;&#x438;&#x442;.</subfield>
    <subfield code="d">1979</subfield>
  </datafield>
  <datafield tag="215" ind1=" " ind2=" ">
    <subfield code="a">335 &#x441;.</subfield>
    <subfield code="d">20</subfield>
  </datafield>
  <datafield tag="225" ind1="1" ind2=" ">
    <subfield code="a">&#x411;&#x438;&#x431;&#x43B;&#x438;&#x43E;&#x442;&#x435;&#x43A;&#x430; &#x43B;&#x438;&#x442;&#x435;&#x440;&#x430;&#x442;&#x443;&#x440;&#x44B; &#x421;&#x420;&#x420;</subfield>
  </datafield>
  <datafield tag="300" ind1=" " ind2=" ">
    <subfield code="a">&#x420;&#x435;&#x434;&#x43A;&#x43E;&#x43B;. &#x441;&#x435;&#x440;.: &#x41A;.&#x418;. &#x411;&#x43E;&#x43D;&#x435;&#x446;&#x43A;&#x438;&#x439; &#x438; &#x434;&#x440;.</subfield>
  </datafield>
  <datafield tag="327" ind1="0" ind2=" ">
    <subfield code="a">&#x410;&#x432;&#x442;.: &#x422;. &#x410;&#x440;&#x433;&#x435;&#x437;&#x438;, &#x414;. &#x411;&#x430;&#x43A;&#x43E;&#x432;&#x438;&#x44F;, &#x412;. &#x412;&#x43E;&#x439;&#x43A;&#x443;&#x43B;&#x435;&#x441;&#x43A;&#x443;, &#x414;. &#x411;&#x43E;&#x442;&#x435;&#x437;, &#x41B;. &#x411;&#x43B;&#x430;&#x433;&#x430;, &#x410;. &#x41C;&#x430;&#x440;&#x433;&#x443;&#x43B;-&#x428;&#x43F;&#x435;&#x440;&#x431;&#x435;&#x440;, &#x410;. &#x424;&#x438;&#x43B;&#x438;&#x43F;&#x43F;&#x438;&#x434;&#x435;, &#x41A;. &#x411;&#x430;&#x43B;&#x442;&#x430;&#x437;&#x430;&#x440;, &#x417;. &#x421;&#x442;&#x430;&#x43D;&#x43A;&#x443;, &#x41C;. &#x411;&#x440;&#x435;&#x441;&#x43B;&#x430;&#x448;&#x443;, &#x438; &#x434;&#x440;.</subfield>
  </datafield>
  <datafield tag="464" ind1=" " ind2="0">
    <subfield code="1">701#1$a&#x410;&#x440;&#x433;&#x435;&#x437;&#x438;$b&#x422;.</subfield>
    <subfield code="1">701#1$a&#x411;&#x430;&#x43A;&#x43E;&#x432;&#x438;&#x44F;$b&#x414;.$f1881-1957$g&#x414;&#x436;&#x43E;&#x440;&#x434;&#x436;&#x435;$3RU\NLR\AUTH\770267461</subfield>
    <subfield code="1">701#1$a&#x412;&#x43E;&#x439;&#x43A;&#x443;&#x43B;&#x435;&#x441;&#x43A;&#x443;$b&#x412;.</subfield>
    <subfield code="1">701#1$a&#x411;&#x43E;&#x442;&#x435;&#x437;$b&#x414;.</subfield>
    <subfield code="1">701#1$a&#x411;&#x43B;&#x430;&#x433;&#x430;$b&#x41B;.</subfield>
    <subfield code="1">701#1$a&#x41C;&#x430;&#x440;&#x433;&#x443;&#x43B;-&#x428;&#x43F;&#x435;&#x440;&#x431;&#x435;&#x440;$b&#x410;.$6z01790</subfield>
    <subfield code="1">701#1$a&#x424;&#x438;&#x43B;&#x438;&#x43F;&#x43F;&#x438;&#x434;&#x435;$b&#x410;.</subfield>
    <subfield code="1">701#1$a&#x411;&#x430;&#x43B;&#x442;&#x430;&#x437;&#x430;&#x440;$b&#x41A;.</subfield>
    <subfield code="1">701#1$a&#x421;&#x442;&#x430;&#x43D;&#x43A;&#x443;$b&#x417;.</subfield>
    <subfield code="1">701#1$a&#x411;&#x440;&#x435;&#x441;&#x43B;&#x430;&#x448;&#x443;$b&#x41C;.</subfield>
  </datafield>
  <datafield tag="702" ind1=" " ind2="1">
    <subfield code="a">&#x41A;&#x43E;&#x436;&#x435;&#x432;&#x43D;&#x438;&#x43A;&#x43E;&#x432;&#x430;</subfield>
    <subfield code="b">&#x42E;.</subfield>
    <subfield code="4">220</subfield>
    <subfield code="4">080</subfield>
  </datafield>
  <datafield tag="702" ind1=" " ind2="1">
    <subfield code="a">&#x41A;&#x43E;&#x432;&#x430;&#x43B;&#x44C;&#x434;&#x436;&#x438;</subfield>
    <subfield code="b">&#x41A;.&#x412;.</subfield>
    <subfield code="g">&#x41A;&#x438;&#x440;&#x438;&#x43B;&#x43B; &#x412;&#x43B;&#x430;&#x434;&#x438;&#x43C;&#x438;&#x440;&#x43E;&#x432;&#x438;&#x447;</subfield>
    <subfield code="4">220</subfield>
    <subfield code="4">340</subfield>
  </datafield>
  <datafield tag="801" ind1=" " ind2="0">
    <subfield code="a">RU</subfield>
    <subfield code="b">NLR</subfield>
    <subfield code="g">psbo</subfield>
  </datafield>
  <datafield tag="801" ind1=" " ind2="1">
    <subfield code="a">RU</subfield>
    <subfield code="b">ELAR</subfield>
    <subfield code="2">rusmarc</subfield>
  </datafield>
  <datafield tag="852" ind1=" " ind2=" ">
    <subfield code="a">NLR</subfield>
    <subfield code="j">80-3/2610</subfield>
  </datafield>
  <datafield tag="899" ind1=" " ind2=" ">
    <subfield code="a">RuMoRGB</subfield>
    <subfield code="j">B 80-18/118</subfield>
  </datafield>
  <datafield tag="899" ind1=" " ind2=" ">
    <subfield code="a">RuMoRGB</subfield>
    <subfield code="j">B 80-18/119</subfield>
  </datafield>
  <datafield tag="942" ind1=" " ind2=" ">
    <subfield code="c">BOOK</subfield>
  </datafield>
  <datafield tag="980" ind1=" " ind2=" ">
    <subfield code="a">NB</subfield>
  </datafield>
  <datafield tag="995" ind1=" " ind2=" ">
    <subfield code="5">2013-10-26</subfield>
    <subfield code="b">NLR01</subfield>
    <subfield code="c">NLR01</subfield>
    <subfield code="e">RF9</subfield>
    <subfield code="f">1-4593822</subfield>
    <subfield code="k">80-3/2610</subfield>
    <subfield code="o">0</subfield>
    <subfield code="r">BOOK</subfield>
    <subfield code="s">8032610_</subfield>
  </datafield>
</record>
